Citadela / (Record no. 22298)
[ view plain ]
| 000 -LEADER | |
|---|---|
| fixed length control field | 00655nam a22002291 4500 |
| 001 - CONTROL NUMBER | |
| control field | 22298 |
| 003 - CONTROL NUMBER IDENTIFIER | |
| control field | CZ PrNK |
| 005 - DATE AND TIME OF LATEST TRANSACTION | |
| control field | 20260325131951.0 |
| 008 - FIXED-LENGTH DATA ELEMENTS--GENERAL INFORMATION | |
| fixed length control field | 011206s1965 xo slo |
| 040 ## - CATALOGING SOURCE | |
| Original cataloging agency | ABA001 |
| Language of cataloging | cze |
| Transcribing agency | ABA001 |
| Modifying agency | ABA001 |
| 041 1# - LANGUAGE CODE | |
| Language code of text/sound track or separate title | slo |
| Language code of original | eng |
| 100 1# - MAIN ENTRY--PERSONAL NAME | |
| Personal name | Cronin, A. J. |
| Fuller form of name | (Archibald Joseph), |
| Dates associated with a name | 1896-1981 |
| Relationship | aut |
| 245 10 - TITLE STATEMENT | |
| Title | Citadela / |
| Statement of responsibility, etc. | [Autor:] A.J. Cronin ; Z angl. orig. prel. Zora Petkovová-Kresáková |
| 250 ## - EDITION STATEMENT | |
| Edition statement | V Smene 1. vyd. |
| 260 ## - PUBLICATION, DISTRIBUTION, ETC. | |
| Place of publication, distribution, etc. | Bratislava : |
| Name of publisher, distributor, etc. | Smena, |
| Date of publication, distribution, etc. | 1965 |
| 300 ## - PHYSICAL DESCRIPTION | |
| Extent | 457 s. ; |
| Dimensions | 8° |
| 490 1# - SERIES STATEMENT | |
| Series statement | Štafeta ; |
| Volume/sequential designation | Zv. 15 |
| 500 ## - GENERAL NOTE | |
| General note | Frontispice |
| 830 #0 - SERIES ADDED ENTRY--UNIFORM TITLE | |
| Uniform title | Štafeta |
| 910 ## - USER-OPTION DATA (OCLC) | |
| User-option data | ABA001 |
| 942 ## - ADDED ENTRY ELEMENTS (KOHA) | |
| Source of classification or shelving scheme | Dewey Decimal Classification |
| Koha item type | Krásna literatúra pre dospelých |
| Suppress in OPAC | No |
| Stav vyradenia | Strata | Poškodenie | Spôsob nadobudnutia | Domovská knižnica | Aktuálna knižnica | Dátum nadobudnutia | Total checkouts | Čiarový kód exemplára | Date last seen | Typ exemplára |
|---|---|---|---|---|---|---|---|---|---|---|
| Dar | Obecná knižnica Horná Štubňa | Obecná knižnica Horná Štubňa | 25.03.2026 | 4736201955 | 25.03.2026 | Krásna literatúra pre dospelých |
